Rastúci význam CDS na finančnom trhu
Poukázanie na enormný nárast využívania kreditných derivátov ako nástrojov v praxi ako i zameranie sa na ich vypovedaciu schopnosť. Zmeny spreadov pri týchto nástrojoch sú považované za ukazovateľ dôveryhodnosti daného subjektu, pretože odrážajú aktuálnu situáciu na finančnom trhu. Môžu byť teda uka...
Gespeichert in:
| 1. Verfasser: | |
|---|---|
| Format: | Buchkapitel |
| Sprache: | Slowakisch |
| Schlagworte: | |
| Tags: |
Keine Tags, Fügen Sie das erste Tag hinzu!
|
MARC
| LEADER | 00000nla$a2200000$$$4500 | ||
|---|---|---|---|
| 001 | 0090578 | ||
| 005 | 20221128082241.7 | ||
| 041 | 0 | |a slo | |
| 044 | |a SK | ||
| 245 | 1 | 0 | |a Rastúci význam CDS na finančnom trhu |c Alexandra Donovalová |
| 520 | |a Poukázanie na enormný nárast využívania kreditných derivátov ako nástrojov v praxi ako i zameranie sa na ich vypovedaciu schopnosť. Zmeny spreadov pri týchto nástrojoch sú považované za ukazovateľ dôveryhodnosti daného subjektu, pretože odrážajú aktuálnu situáciu na finančnom trhu. Môžu byť teda ukazovateľom budúcej zmeny ratingu, ktorý zachytí zmeny v dôveryhodnosti subjektov s určitým oneskorením. | ||
| 610 | 2 | 0 | |a trh finančný |
| 610 | 2 | 0 | |a deriváty |
| 610 | 2 | 0 | |a riziko |
| 610 | 2 | 0 | |a sekuritizácia |
| 610 | 2 | 0 | |a swap |
| 610 | 2 | 0 | |a rating |
| 100 | 1 | |a Donovalová, Alexandra | |